Vývoj superkapacitorov na báze nových progresívnych materiálov

Na minha lista:
Detalhes bibliográficos
Autor principal: Petrík, Adam (Author)
Outros Autores: Ondrejka, Peter (Thesis advisor)
Formato: Manuscrito Livro
Idioma:eslovaco
Publicado em: Bratislava : STU v Bratislave FEI, 2024
Assuntos:
Acesso em linha:https://opac.crzp.sk/?fn=detailBiblioFormChildOB9RD&sid=DDCD2C6FBCAD481F2849CCB200E4&seo=CRZP-detail-kniha
Tags: Adicionar Tag
Sem tags, seja o primeiro a adicionar uma tag!

MARC

LEADER 00000ntm a22000003a 4500
001 stuzp95531
003 SK-STU
005 20250327094515.0
007 ta
008 150427s2015----xo-----f-mn---000-0-slo-d
040 |a STU  |b slo 
041 0 |a slo 
044 |a xo 
100 1 |a Petrík, Adam  |u 033000  |4 aut  |U FEI Fakulta elektrotechniky a informatiky  |T FEI Ústav elektroniky a fotoniky  |X 115169  |U E030  |Y 549  |7 115169 
242 0 1 |a Development of supercapacitors based on new progressive materials  |y eng 
245 1 0 |a Vývoj superkapacitorov na báze nových progresívnych materiálov 
260 |a Bratislava :  |b STU v Bratislave FEI,  |c 2024 
300 |a 60 s. 
650 4 |a oxidácia  |2 slo 
650 4 |a superkapacitor  |2 slo 
650 4 |a MoO3  |2 slo 
650 4 |a špecifická kapacita  |2 slo 
650 4 |a supercapacitor  |2 eng 
650 4 |a MoO3  |2 eng 
650 4 |a specific capacitance  |2 eng 
650 4 |a oxidation  |2 eng 
700 1 |a Ondrejka, Peter  |u 033000  |k Z2  |4 ths  |U FEI Fakulta elektrotechniky a informatiky  |T FEI Ústav elektroniky a fotoniky  |X 75066  |U E030  |Y 549  |7 75066 
856 4 |u https://opac.crzp.sk/?fn=detailBiblioFormChildOB9RD&sid=DDCD2C6FBCAD481F2849CCB200E4&seo=CRZP-detail-kniha